000 01910nam a2200421 a 4500
001 000002056
003 DO-SdBNP
005 20180510144150.0
007 000002056
008 090630t2011 dr a 001 j spa d
020 _a9993498653
040 _aBPMSU
_bspa
_cBPMSU
092 _aRD863.4208
_bC112L, 2011
245 0 0 _aCaballo loco y otros cuentos /
_cRafael A. Deligne... [et al.]. ; selección de Andrés Blanco Díaz.
260 _aSanto Domingo :
_bAlfaguara,
_c2004
_greimpr. 2008
300 _a125 p. :
_bil. ;
_c21 cm.
490 _aAlfaguara juvenil
500 _a
505 0 _tEl encargo difícil /
_rRafael A. Deligne --
_tLos diamantes /
_rVirginia Elena Ortea --
_tMuertos y duendes /
_rJosé Ramón López --
_tEl alma de la laguna /
_rUlises Heureaux, hijo --
_tLa sombra /
_rPedro Henríquez Ureña --
_tLa sombra /
_rMax Henríquez Ureña --
_tLa princesa de los cabellos platinados /
_rVirginia de Peña de Bordas --
_tDeleite /
_rTomás Hernández Franco --
_tPaiba y Gandolfito /
_rJ. M. Sanz Lajara --
_tFichas biográficas --
_tActividades.
650 4 _aCUENTOS INFANTILES DOMINICANOS
_xCOLECCIONES
650 4 _aCUENTOS DOMINICANOS
_xCOLECCIONES
650 4 _aLITERATURA INFANTIL DOMINICANA
650 4 _aLITERATURA DOMINICANA
700 1 _aDeligne, Rafael A.,
_d1863-1902
700 1 _aOrtea, Virginia Elena,
_d1866-1903
700 1 _aLópez, José Ramón,
_d1866-1922
700 1 _aHeureaux, hijo, Ulises,
_d1870-1938
700 1 _aHenríquez Ureña, Pedro,
_d1884-1946
700 1 _aHenríquez Ureña, Max,
_d1885-1968
700 1 _aPeña de Bordas, Virginia de,
_d1904-1948
700 1 _aHernández Franco, Tomás,
_d1904-1952
700 1 _aSanz Lajara, J. M.,
_d1917-1963
700 1 _aBlanco Díaz, Andrés,
_ecomp.
910 _aValidado. Control de calidad EMS.
942 _2ddc
_cBK
945 _aInventariado, 2018 /VM
956 _aVMATEO
_b10
_c20150520
_lBPMSU
_h0069
999 _c7268
_d7268